| 000 | 00367nam a2200145Ia 4500 | ||
|---|---|---|---|
| 003 | LK-CoDNM | ||
| 008 | 010623t2010 xxu||||| |||| 00| 1 eng d | ||
| 040 |
_aLK-CoDNM _dLK-CoDNM _eLK-CoDNM |
||
| 041 | _aeng | ||
| 080 |
_a351.78 _bCIT |
||
| 245 | _aCitizens-Clients'Charter | ||
| 260 |
_bMinistry Of Highways _aBattaramulla _c2010 |
||
| 300 | _b16, 21 cm | ||
| 942 | _cBK | ||
| 999 |
_c129402 _d129402 |
||